00487nam a2200157Ia 450000500170000000800410001708200130005810000170007124500330008826000430012130000110016450000340017594200060020995200990021599900150031420250322143029.0240331s9999 xx 000 0 und d bMAHa894 aMahendran, K 0aVaalvu oru valai panthaaddam aThellipalaibKalai ilakkiyakalamc1997 aviii,  aA collection of short stories cL 001040708LaWERCLbWERCLcSSCd2024-03-31l0o 894.811 MAHp4486r2024-03-31w2024-03-31yL c4330d4330